Turbulence (Record no. 5373)

000 -LEADER
fixed length control field 00511nam a2200205 i 4500
001 - CONTROL NUMBER
control field 5373
003 - CONTROL NUMBER IDENTIFIER
control field BD-DhUET
008 - FIXED-LENGTH DATA ELEMENTS--GENERAL INFORMATION
fixed length control field 750220s1975 nyua b 001 0 eng
020 ## - INTERNATIONAL STANDARD BOOK NUMBER
International Standard Book Number 0070290377
040 ## - CATALOGING SOURCE
Original cataloging agency DLC
Transcribing agency DLC
Modifying agency BD-DhUET
082 00 - DEWEY DECIMAL CLASSIFICATION NUMBER
Classification number 532.56
Item number HIN/1975
100 1# - MAIN ENTRY--PERSONAL NAME
Personal name Hinze, J. O.
245 00 - TITLE STATEMENT
Title Turbulence
250 ## - EDITION STATEMENT
Edition statement 2nd ed.
260 ## - PUBLICATION, DISTRIBUTION, ETC. (IMPRINT)
Place of publication, distribution, etc. New York
Name of publisher, distributor, etc. McGraw-Hill
Date of publication, distribution, etc. 1975
300 ## - PHYSICAL DESCRIPTION
Extent x,790p.
Other physical details ill.
Dimensions 24 cm.
490 0# - SERIES STATEMENT
Series statement McGraw-Hill series in mechanical engineering
650 #0 - SUBJECT ADDED ENTRY--TOPICAL TERM
Topical term or geographic name as entry element Turbulence
942 ## - ADDED ENTRY ELEMENTS (KOHA)
Koha item type General Book
Holdings
Koha date last borrowed Lost status Price effective from Koha item type Copy number Koha date last seen Koha issues (times borrowed) Withdrawn status Koha full call number Koha normalized classification for sorting Sublocation or collection (holding branch) Shelving location Source of classification or shelving scheme Piece designation (barcode) Location (home branch) Damaged status Not for loan Date acquired
  2014-11-26General Book12014-11-26  532.56/HIN/1975532_560000000000000_HIN_1975Central Library, BUETCirculation section 63813Central Library, BUET  2014-11-26
  2014-11-26General Book22014-11-26  532.56/HIN/1975532_560000000000000_HIN_1975Central Library, BUETCirculation section 63816Central Library, BUET  2014-11-26
  2014-12-07General Book32014-12-07  532.56/HIN/1975532_560000000000000_HIN_1975Central Library, BUETCirculation section 44334Central Library, BUET  2014-12-07
  2014-12-07General Book42014-12-07  532.56/HIN/1975532_560000000000000_HIN_1975Central Library, BUETCirculation section 63807Central Library, BUET  2014-12-07
2015-03-25 2014-12-07General Book52015-03-291 532.56/HIN/1975532_560000000000000_HIN_1975Central Library, BUETCirculation section 63812Central Library, BUET  2014-12-07
  2014-12-07General Book62014-12-07  532.56/HIN/1975532_560000000000000_HIN_1975Central Library, BUETCirculation section 63805Central Library, BUET  2014-12-07
  2014-12-07General Book72014-12-07  532.56/HIN/1975532_560000000000000_HIN_1975Central Library, BUETCirculation section 63810Central Library, BUET  2014-12-07
  2014-12-07General Book82014-12-07  532.56/HIN/1975532_560000000000000_HIN_1975Central Library, BUETCirculation section 63808Central Library, BUET  2014-12-07
  2014-12-07General Book92014-12-07  532.56/HIN/1975532_560000000000000_HIN_1975Central Library, BUETCirculation section 63809Central Library, BUET  2014-12-07
2022-11-14 2014-12-07General Book102023-02-281 532.56/HIN/1975532_560000000000000_HIN_1975Central Library, BUETCirculation section 63806Central Library, BUET  2014-12-07
2015-05-26 2014-12-07General Book112015-09-141 532.56/HIN/1975532_560000000000000_HIN_1975Central Library, BUETCirculation section 63815Central Library, BUET  2014-12-07
  2015-03-09General Book122015-03-09  532.56/HIN/1975532_560000000000000_HIN_1975Central Library, BUETCirculation section 39158Central Library, BUET  2015-03-09
  2015-06-07Reading Item132015-06-07  532.56/HIN/1975532_560000000000000_HIN_1975Central Library, BUETReading section 58968Central Library, BUET  2015-06-07
  2015-06-07Reading Item142015-06-07  532.56/HIN/1975532_560000000000000_HIN_1975Central Library, BUETReading section 60653Central Library, BUET  2015-06-07
  2015-06-23Reading Item152015-06-23  532.56/HIN/1975532_560000000000000_HIN_1975Central Library, BUETReading section 52729Central Library, BUET  2015-06-23
2024-11-27 2024-11-16General Book162024-11-271 532.56 HIN/1975532_560000000000000_HIN_1975Central Library, BUETCirculation section 63811Central Library, BUET  1985-06-29
  2024-11-16General Book 2024-11-16  532.56 HIN/1975532_560000000000000_HIN_1975Central Library, BUET   Central Library, BUET  2024-11-16
  2024-11-16General Book182024-11-16  532.56 HIN/1975532_560000000000000_HIN_1975Central Library, BUETCirculation section 39159Central Library, BUET  2025-09-03